000 02126nab a22003017a 4500
999 _c6518
_d6518
003 OSt
005 20260219100443.0
008 190429b xxu||||| |||| 00| 0 spa d
040 _cPJ
100 _94642
_aVaninetti, Hugo A.
245 1 0 _aImplementación del Sistema de Reconocimiento Facial de Prófugos (SRFP) de la Ciudad Autónoma de Buenos Aires :
_bel necesario resguardo de los derechos y garantías constitucionales /
_cHugo A. Vaninetti.
260 _cCiudad Autónoma de Buenos Aires :
_aThomson Reuters La Ley,
_b2024.
300 _ap. 231-238
500 _aCita: TR LALEY AR/DOC/1470/2023
505 _aSumario: I. Palabras previas.— II. Antecedentes del caso.— III. Sentencia de la Cámara de Apelaciones en lo Contencioso Administrativo Tributario y Relaciones de Consumo de la Ciudad Autónoma de Buenos Aires.— IV. Biometría. Afectación del derecho a la intimidad e imagen.— V. La imagen como dato personal. Derecho a la intimidad.— VI. El dato biométrico como dato personal. Resolución 4/2019 de la Agencia de Acceso a la Información Pública.— VII. Sistemas de Reconocimiento Facial. Definición.— VIII. Reconocimiento facial automático y la Inteligencia Artificial (IA).— IX. Problemas que acarrea el reconocimiento facial.— X. Palabras finales.
505 _aFallo comentado: CContenciosoadministrativo, Trib. y Relaciones de Consumo, Ciudad Autónoma de Buenos Aires, sala I ~ 28/04/2023 ~ Observatorio de Derecho Informático Argentino O.D.I.A. y otros c. GCBA s/ Amparo - Otros.
505 _tSi te interesa el texto completo, solicitalo a koha@justierradelfuego.gov.ar
650 0 _9343
_aDERECHO PENAL
650 0 _9290
_aSOFTWARE
650 0 _92876
_aMEDIDAS DE SEGURIDAD
650 0 _94026
_aFUERZAS DE SEGURIDAD
650 0 _93016
_aPOLÍTICAS PUBLICAS
650 0 _92724
_aDERECHO A LA INTIMIDAD
650 0 _95557
_aDERECHO A LA IMAGEN
650 0 _94108
_aDATOS PERSONALES
773 0 _02658
_93164
_tRevista de derecho penal y criminología. Nº 7 - Julio 2024
_dCiudad Autónoma de Buenos Aires : Thomson Reuters La Ley, 2017-
_x00347914
942 _2udc
_cANA